书目信息 |
| 题名: |
北航法律评论
|
|
| 作者: | 明辉 , 李昊 主编 | |
| 分册: | 2013年第1辑(总第4辑) | |
| 出版信息: | 北京 法律出版社 2014 |
|
| 页数: | 349页 | |
| 开本: | 25cm | |
| 丛书名: | ||
| 单 册: | ||
| 中图分类: | D9-53 | |
| 科图分类: | ||
| 主题词: | 法律--文集 , 法律 | |
| 电子资源: | ||
| ISBN: | 978-7-5118-5760-6 | |
| 000 | 01067nam0 2200277 450 | |
| 001 | 523 | |
| 005 | 20140905101524.18 | |
| 010 | @a978-7-5118-5760-6@dCNY49.00 | |
| 100 | @a20140226d2014 em y0chiy50 ea | |
| 101 | 0 | @achi |
| 102 | @aCN@b110000 | |
| 105 | @ay z 000yy | |
| 106 | @ar | |
| 200 | 1 | @a北航法律评论@ABei Hang Fa Lu^ Ping Lun@h2013年第1辑(总第4辑)@H2013 Nian Di 1 Ji( Zong Di 4 Ji)@f明辉,李昊主编@FMing Hui, Li Hao Zhu Bian |
| 210 | @a北京@c法律出版社@d2014 | |
| 215 | @a349页@d25cm | |
| 300 | @a北京航空航天大学法学院主办 | |
| 304 | @a英文共同题名:Beihang law review | |
| 330 | @a本书包括“专题研究Ⅰ:民法典编纂”、“专题研究Ⅱ:网络安全与网络犯罪”、“论文”3个专栏;涉及专题包括《反对欧洲民法典》、《不完全履行与不完全给付》、《从商事法的角度看待中国未来民法典的制定》、《论计算机犯罪及其立法完善》等。 | |
| 606 | 0 | @a法律@j文集 |
| 606 | 0 | @a法律 |
| 690 | @aD9-53@v5 | |
| 701 | 0 | @a明辉@AMing Hui@f(1975~)@4主编 |
| 701 | 0 | @a李昊@ALi Hao@f(1977~)@4主编 |
| 801 | 0 | @aCN@bTANGWEI@c20140603 |
| 905 | @b0839455-57@dD9-53@e473@f3 | |
| 北航法律评论.2013年第1辑(总第4辑)/明辉,李昊主编.-北京:法律出版社,2014 |
| 349页;25cm |
| 北京航空航天大学法学院主办 |
| ISBN 978-7-5118-5760-6:CNY49.00 |
| 本书包括“专题研究Ⅰ:民法典编纂”、“专题研究Ⅱ:网络安全与网络犯罪”、“论文”3个专栏;涉及专题包括《反对欧洲民法典》、《不完全履行与不完全给付》、《从商事法的角度看待中国未来民法典的制定》、《论计算机犯罪及其立法完善》等。 |
| ● |
| 相关链接 |
|
|
|
|
正题名:北航法律评论
索取号:D9-53/473
 
预约/预借
| 序号 | 登录号 | 条形码 | 馆藏地/架位号 | 状态 | 备注 |
| 1 | 0839455 | 208394557 | 第一样本阅览室/ [索取号:D9-53/473] | 在馆 | |
| 2 | 0839456 | 208394566 | 密集书库-史法系/ [索取号:D9-53/473] | 在馆 | |
| 3 | 0839457 | 208394575 | 第一借阅区/ [索取号:D9-53/473] | 在馆 |